History Quiz

Random History or Year Quiz

The Summer of '69 Quiz Stats

 Plays Quiz Updated Jun 21, 2019

Score 0/24 Timer 08:00
2 Plays Today
Event Answer % Correct
July 7th - These two languages are made equal to each other throughout the Canadian governmentFrench & English
92.1%
June 22nd - This 'Wizard of Oz' & 'Meet Me in St. Louis' actress dies from a drug overdoseJudy Garland
92.1%
August 15th - This music festival begins in upstate New YorkWoodstock
88.1%
July 20th - During the Apollo 11 mission, this man becomes the first human to set foot on the Moon.Neil Armstrong
85.2%
July 18th - This politician drives off a bridge on Chappaquiddick Island, resulting in the death of his female passengerTed Kennedy
81.5%
August 8th - The Beatles have Iain Macmillan take a photo crossing a street for this album coverAbbey Road
81.4%
August 10th - This 'family' kills Leno & Rosemary LaBianca, wealthy Los Angeles businesspeopleManson Family
80.1%
August 9th - The Haunted Mansion opens in this amusement parkDisneyland
80%
September 2nd - This communist revolutionary, the first president of Vietnam, diesHo Chi Minh
66.9%
August 14th - British soldiers quell riots in this part of the United Kingdom, beginning the period known as the TroublesNorthern Ireland
66.2%
June 28th - The Stonewall riots begin in this cityNew York City
58.6%
July 14th - The 'Football War' begins when Honduras loses a match against this bordering countryEl Salvador
56.6%
Event Answer % Correct
August 4th - This future Secretary of State meets with Xuan Thuy in secret for unsuccessful peace talksHenry Kissinger
56.2%
September 1st - Libyan leader King Idris is ousted from power, making this man the new leaderMuammar Gaddafi
54.5%
September 20th - This sweet tune by the Archies becomes the group's first & only #1 single in the U.S.Sugar, Sugar
48.2%
July 25th - This 'Suite: Judy Blue Eyes' folk rock trio first performs together as a bandCrosby, Stills, & Nash
46.1%
August 21st - Donald & Doris Fisher open up the first of this clothing store in San Francisco, selling only Levi's apparelGap
41.8%
September 22nd - This baseball player becomes the first since Babe Ruth to hit 600 career home runs Willie Mays
36.2%
July 3rd - This Rolling Stones member drowns in his swimming poolBrian Jones
35.4%
September 13th - 'What a Night for a Knight,' the first episode of this canine-starring mystery show, debuts on CBSScooby-Doo, Where Are You?
32.9%
September 7th - This tennis player wins the U.S. Open, completing his second Grand SlamRod Laver
29.5%
August 31st - This undefeated heavyweight boxer dies in a plane crash near Newton, IARocky Marciano
27.2%
June 23rd - This man is sworn in as Chief Justice, replacing Earl WarrenWarren Burger
27%
August 23rd - This Rolling Stones song about a 'gin-soaked barroom queen' hits #1 in the U.S.Honky Tonk Women
20.8%

You're not logged in!

Compare scores with friends on all Sporcle quizzes.
OR
Log In

Sporcle TV

Today on Sporcle TV


Watch our educational content, quiz creation guides, and fun videos on Sporcle TV.

Show Comments

Extras

Top Quizzes Today


Score Distribution

Your Account Isn't Verified!

In order to create a playlist on Sporcle, you need to verify the email address you used during registration. Go to your Sporcle Settings to finish the process.

Report this User

Report this user for behavior that violates our Community Guidelines.

Details: